000 00567nam a2200193 a 4500
005 20220630135710.0
008 991125s1969 es 000 0 spa u
035 _aUPN01000001286
049 _aCG
050 4 _aGB661
_bP3.2 1969
100 1 _aPalomares Casado, Manuel
245 1 0 _aAgua y atmósfera :
_bobservaciones y experimentos /
_cManuel Palomares Casado ; il. Fernando Delgado Ferrón.
250 _a2a ed.
260 _aMadrid :
_bSantillana,
_c1969.
300 _a94 p. :
_bil. col.
650 0 _aAgua
_92210
650 4 _aATMOSFERA
_98580
905 _aLibro
999 _c1286
_d1286